Yüklüyor......
Marketing: A financial approach
| Yazar: | |
|---|---|
| Materyal Türü: | Printed Book |
| Baskı/Yayın Bilgisi: |
Kaveri Books, New Delhi
1997
|
| Konular: |
| LEADER | 00465nam a2200157 4500 | ||
|---|---|---|---|
| 082 | |a 658.8 PEE-M | ||
| 100 | |a Peeru Muhamed, H | ||
| 245 | |a Marketing: A financial approach |c Peeru Muhamed, H | ||
| 250 | |||
| 260 | |a Kaveri Books, New Delhi |c 1997 | ||
| 300 | |a 180 p | ||
| 490 | |||
| 650 | |a Marketing management | ||
| 942 | |c BK | ||
| 999 | |c 126223 |d 126223 | ||
| 952 | |0 0 |1 0 |4 0 |6 658_800000000000000_PEEM |7 0 |9 139685 |a COM |b COM |l 0 |o 658.8 PEE-M |p COM02633 |r 2019-10-24 |w 2019-10-24 |y BK | ||